000 00477nam a2200169Ia 4500
001 32584
003 IN-NITTTR
005 20251114233434.0
008 251113s9999||||xx |||||||||||||| ||eng||
040 _beng
040 _cIN-NITTTR
041 _aeng
082 _aTD196.B85
100 _aCasini, Marco.
245 0 _aSmart Buildings :
_b Advanced Materials and Nanotechnology to Improve Energy-Efficiency and Environmental Performance /
_cCasini, Marco.
942 _2ddc
_cBK
999 _c35455
_d35455